Statistics for Guess these Snowy Locations

Click here to take the quiz!

General Stats

  • This quiz has been taken 28 times
  • The average score is 7 of 16

Answer Stats

Answer% Correct
United Kingdom / London
100%
United States / New York
92%
Canada / Toronto
88%
Russia / Moscow
88%
Italy / Rome
75%
Spain / Barcelona
71%
Japan / Tokyo
63%
Turkey / Istanbul
50%
Iceland / Reykjavik
25%
Nepal / Kathmandu
25%
Austria / Vienna
13%
Iran / Tehran
13%
Argentina / Ushuaia
4%
Chile / Santiago
4%
Mongolia / Ulaanbatar
4%
New Zealand / Wellington
4%

Score Distribution

Percentile by Number Answered

Percent of People with Each Score

Your Score History

You have not taken this quiz